| 000 | 00427nam a2200181Ia 4500 | ||
|---|---|---|---|
| 001 | 23014 | ||
| 005 | 20260414150909.0 | ||
| 008 | 260414t2003||||xx |||||||||||||| ||spa|| | ||
| 041 | _aESP | ||
| 082 |
_a624.1762 _bN15H |
||
| 100 |
_aNaeim, Farzad _eAUT |
||
| 245 | 4 |
_aThe seismic design handbook _b |
|
| 260 | _c2003 | ||
| 300 |
_axiv, 830 páginas : _c29 cm. |
||
| 650 | _a0 | ||
| 654 | _aCIC | ||
| 942 |
_cLIB _dJUS _fJUS _2ddc _n |
||
| 999 |
_c23014 _d23014 |
||